Théorie structurelle des automates finis
Guardado en:
| Autor principal: | |
|---|---|
| Formato: | Libro |
| Lenguaje: | francés |
| Publicado: |
París
Gauthier-Villars
1967
|
| Colección: | Collection de Mathématiques Economiques
|
| Materias: | |
| Etiquetas: |
Agregar Etiqueta
Sin Etiquetas, Sea el primero en etiquetar este registro!
|
MARC
| LEADER | 00000nam a2200000 a 4500 | ||
|---|---|---|---|
| 001 | UCQ8255 | ||
| 003 | CL-VaPUC | ||
| 008 | 981209e19670000FR |||||||||||||||||fre|d | ||
| 082 | 0 | 4 | |a 511.3 |b MOI |2 21 |
| 100 | |a Moisil, Grigore C. |e autor |9 422092 | ||
| 245 | 1 | 0 | |a Théorie structurelle des automates finis |
| 300 | |a 337 p | ||
| 942 | |c BK | ||
| 945 | |d 19981209 00:00:00 |a crobeson | ||
| 260 | |a París |b Gauthier-Villars |c 1967 | ||
| 650 | 7 | |a TEORIA DE LOS AUTOMATAS |2 CL-VaPUC |9 422093 | |
| 650 | 0 | |a Teoría de circuitos |9 422094 | |
| 650 | 7 | |a LOGICA ALGEBRAICA |2 CL-VaPUC |9 270591 | |
| 650 | 0 | |a Lógica matemática |9 262442 | |
| 583 | |a last modification |c 19981209 00:00:00 |k Rodrigo Vera | ||
| 490 | 0 | |a Collection de Mathématiques Economiques | |
| 999 | |c 277540 |d 277538 | ||
| 952 | |0 0 |1 0 |4 0 |6 511_300000000000000_MOI_1967 |7 0 |8 A |9 315533 |a BIBMAT |b BIBMAT |d 2019-11-20 |i 1300172 |o 511.3 MOI 1967 |p 1300172 |r 2025-01-07 |w 2019-11-20 |y BK |k MAT | ||